Sheffield United Premier League XIs - Statistics

General Stats
  • This quiz has been taken 133 times
    86 since last reset
  • The average score is 17 of 50
Answer Stats
Answer % Correct
Oli McBurnie
86%
Aaron Ramsdale
82%
Dean Henderson
73%
John Egan
71%
Wes Foderingham
70%
George Baldock
68%
John Fleck
64%
Oliver Norwood
64%
John Lundstram
61%
Jayden Bogle
59%
Chris Basham
57%
Gustavo Hamer
57%
David McGoldrick
54%
Enda Stevens
54%
Cameron Archer
52%
Jack Robinson
50%
Phil Jagielka
50%
Anel Ahmedhodžić
45%
Vinícius Souza
45%
Jack O'Connell
41%
Brian Deane
38%
Auston Trusty
34%
Ben Osborn
32%
Ethan Ampadu
30%
James McAtee
30%
Paddy Kenny
29%
Chris Morgan
23%
Alan Kelly
20%
Chris Armstrong
16%
Dane Whitehouse
16%
Keith Gillespie
16%
Michael Tonge
16%
Nick Montgomery
16%
Rob Hulse
16%
Brian Gayle
14%
Colin Kazim-Richards
14%
Glyn Hodges
14%
Jostein Flo
14%
Carl Bradshaw
13%
Derek Geary
13%
Mitch Ward
13%
Paul Beesley
13%
Christian Nadé
11%
John Gannon
9%
Roger Nilsen
9%
David Tuttle
7%
Kevin Gage
7%
Paul Rogers
7%
Tom Cowan
7%
Willie Falconer
7%
No matching quizzes found
Score Distribution
Percent of People with Each Score
Percentile by Number Answered
Your Score History
You have not taken this quiz since the last reset